Công nghệ Axit Sunfuric

Kaydedildi:
Detaylı Bibliyografya
Yazar:  Đỗ, Bình
Materyal Türü: Sách
Dil:Undetermined
Baskı/Yayın Bilgisi:  Bách khoa - Hà Nội  2011
Konular:
Etiketler: Etiketle
Etiket eklenmemiş, İlk siz ekleyin!
Thư viện lưu trữ: Trung tâm Thư viện - Trường Đại học Công nghiệp TP. Hồ Chí Minh
LEADER 00479nam a2200157Ia 4500
001 UIH_02525
008 231011s9999 xx 000 0 und d
082 |a  661.22 
100 |a  Đỗ, Bình 
245 0 |a  Công nghệ Axit Sunfuric 
245 0 |c  Đỗ, Bình 
260 |b  Bách khoa - Hà Nội 
260 |c  2011 
650 |a  Axit sunfuric;  
927 |a Sách 
980 |a Trung tâm Thư viện - Trường Đại học Công nghiệp TP. Hồ Chí Minh